000 01452nam0a22003491 4500
001 rc\2278147
005 20260407104823.0
035 _a(NLR Aleph) 006557895
090 _a6811763
_c6811763
100 _a20110829d1979 |||y0rusy50 ca
101 0 _arus
102 _aRU
105 _aa z |||||
200 1 _aОбеспечение точности технологического процесса механической обработки
_eУчеб. пособие
_f[Безъязычный В.Ф., Силин С.С., Корнеев В.Д. и др.]
210 _aЯрославль
_cЯросл. ПТИ
_d1979
215 _a68 с.
_cил.
_d20
300 _aАвт. указаны на обороте тит. л.
300 _aВ надзаг.: Яросл. политехн. ин-т (головной), Рыбин. авиац. технол. ин-т
320 _aБиблиогр.: с. 65-67 (34 назв.)
606 _aРезание металлов
_xТочность
_2psbo
686 _aК63-125я73-1
_2rubbk
701 1 _aСилин
_bС.С.
701 1 _aКорнеев
_bВ.Д.
701 1 _aБезъязычный
_bВ.Ф.
712 0 2 _aЯрославский политехнический институт
_3RU\NLR\AUTH\889935889
_9366639
801 1 _aRU
_bELAR
_2rusmarc
801 0 _aRU
_bNLR
_gpsbo
852 _aNLR
_j80-4/7797
899 _aRuMoRGB
_jB 80-9/78
899 _aRuMoRGB
_jB 80-9/79
942 _cBOOK
980 _aNB